Spell the Marvel Villain #4 - Statistics

General Stats
  • This quiz has been taken 23 times
  • The average score is 6 of 9
Answer Stats
Picture Answer % Correct
Mysterio
100%
Lizard
90%
Nebula
90%
Egghead
81%
Taskmaster
81%
Lady Bullseye
52%
Owl
52%
Mentallo
48%
Avalanche
38%
No matching quizzes found
Score Distribution
Percent of People with Each Score
Percentile by Number Answered
Your Score History
You have not taken this quiz